000 00836nam a2200325Ia 4500
001 4331
005 20240113233729.0
007 ta
008 050610s1991 g b000 u asm u
020 _cHB
040 _aCotton College,Assam
041 _aasm
082 _a891.41108
_bSh 11 Ka
100 _aSarma, Hemanta Kumar .
245 0 _aKamrupi Lokagiti Sangrah /
_cHemanta Kumar Sarma.
_hTextual Documents
250 _a2nd ed. /
260 _aGuwahati :
_bLawyer`s Book Stall ,
_c1991.
300 _a275p. ;
_c22cm.
504 _aIndex
653 _aAssamese Poetry-Collections
653 _aFolk Song-Assam
653 _aFolk Song-Kamrupi
653 _aPG-Assamese
653 _aG-Assamese
942 _2ddc
_cBK
999 _c4318
_d4318